000 00434nam a2200157Ia 4500
008 210716s2008 xx 000 0 und d
020 _a9788184890174
041 _aeng
082 _a004.6x JOSB
100 _aJoshi, Bipin.
245 _aBeginning xml with c# 2008: from novice to professional.
_bFrom novice to professional.
250 _a1
260 _aNew Delhi
_bDreamtech Press
_c2008
300 _axxii,528
650 _aNone
999 _c189391
_d189391